LIBRARY & INFORMATION CENTRE, KCAET, TAVANUR

ONLINE PUBLIC ACCESS CATALOGUE (OPAC)

Modern physical chemistry / (Record no. 9570)

MARC details
000 -LEADER
fixed length control field 00516cam a2200205ua 4500
041 ## - LANGUAGE CODE
Language code of text/sound track or separate title eng
082 ## - DEWEY DECIMAL CLASSIFICATION NUMBER
Classification number 541.3
Item number GEO/MO
100 ## - MAIN ENTRY--AUTHOR NAME
Personal name George, C D .
245 ## - TITLE STATEMENT
Title Modern physical chemistry /
250 ## - EDITION STATEMENT
Edition statement 2 /
260 ## - PUBLICATION, DISTRIBUTION, ETC. (IMPRINT)
Place of publication Thiruchirapalli :
Name of publisher Josephs Industrial School Press ,
Year of publication 1959.
300 ## - PHYSICAL DESCRIPTION
Number of Pages 600 ; .
700 1# - ADDED ENTRY--PERSONAL NAME
Personal name Joseph, C D .
700 1# - ADDED ENTRY--PERSONAL NAME
Personal name Thomas , P M .
942 ## - ADDED ENTRY ELEMENTS (KOHA)
Koha item type Books
Holdings
Withdrawn status Lost status Damaged status Home library Current library Date acquired Full call number Accession Number Koha item type
      KAUAET KAUAET 07/04/2012 541.3 GEO/MO 4772 Books
free website counter